000 00734nam a2200229Ii 4500
003 JO-AjNU
008 230605s9999||||xx |||||||||||||| ||und||
017 _a2014/1/240
020 _a978-9957-24-495-8
040 _aJO-AjNU
_bara
_erda
_cJO-AjNU
041 _aara
050 1 4 _aHD58.8.A4576.2015
100 3 _aعليان، ربحي مصطفى,
_eauthor
_950429
245 0 0 _aإدارة التغيير=Change Management
250 _aط1
264 3 1 _aعمان:دار صفاء للنشر والتوزيع،2015
300 _a384ص
336 _atext
_btxt
_2rdacontent
337 _aunmediated
_bn
_2rdamedia
338 _avolume
_bnc
_2rdacarrier
650 4 _aادارة الاعمال-التغيير التنظيمي
_950430
999 _aA22214
_c25782
_d25782